=LDR 00000nam 2200000 4500 =001 INLIS000000000810576 =005 20260609101321 =035 ##$$a 0010-0626000013 =007 ta =008 260609################g##########0#ind## =020 ##$$a 9786021318843 =082 ##$$a 332.024 =084 ##$$a 332.024 HAR m =100 #$$a Haryo Setyo Wibowo =245 1#$$a Milenial Nomics : $b Mengatur Keuangan Dengan Bahagia =250 ##$$a Cet. 1 =260 ##$$a Sleman :$b Buku Mojok,$c 2019 =300 ##$$a xiv + 165 hlm. : $b ilustrasi ; $c 13 x 19 cm =500 ##$$a Buku ini merupakan hibah dari santri kelas XII Angkatan 3 =600 #4$$a Keuangan Pribadi, Manajemen Keuangan, Milenial